Piese de șah cu tablă - Statistics

General Stats
  • This quiz has been taken 18 times
  • The average score is 4 of 6
Answer Stats
Piesă % Correct
Rege
100%
Cal
89%
Nebun
78%
Pion
78%
Turn
56%
Damă
33%
No matching quizzes found
Score Distribution
Percent of People with Each Score
Percentile by Number Answered
Your Score History
You have not taken this quiz